[Event "Avoine FRA, 27th Open"]
[Site "Avoine FRA"]
[Date "2012.07.26"]
[Round "6.1"]
[White "Navrotescu , Catalin"]
[Black "Lazarev, Vladimir"]
[Result "1/2-1/2"]
[WhiteElo "2391"]
[BlackElo "2442"]
[PlyCount "39"]
[EventDate "2012.07.21"]
[EventType "swiss"]
[EventRounds "9"]
[EventCountry "FRA"]

1. d4 Nf6 2. c4 e6 3. Nc3 Bb4 4. e3 d5 5. Bd3 O-O 6. Nge2 c5 7. cxd5 cxd4 8.
exd4 Nxd5 9. O-O Nc6 10. Be4 Bd6 11. Nxd5 exd5 12. Bf3 Be6 13. Bf4 Rc8 14. Bxd6
Qxd6 15. Qd2 b6 16. Rac1 Ne7 17. Rxc8 Rxc8 18. Rc1 Rxc1+ 19. Qxc1 h6 20. h3
1/2-1/2

[Event "Guingamp FRA, Open 2012"]
[Site "Guingamp FRA"]
[Date "2012.02.18"]
[Round "1"]
[White "Navrotescu , Catalin"]
[Black "Navrotescu, Andreea Cristiana"]
[Result "1/2-1/2"]
[WhiteElo "2428"]
[BlackElo "2056"]
[PlyCount "49"]
[EventDate "2012.02.22"]
[EventType "swiss"]
[EventRounds "9"]
[EventCountry "FRA"]

1. f4 d5 2. Nf3 Nf6 3. g3 g6 4. Bg2 Bg7 5. O-O O-O 6. d3 Nc6 7. c3 Bg4 8. h3
Bxf3 9. exf3 e6 10. d4 Ne8 11. Be3 Nd6 12. Nd2 b5 13. Nb3 Nc4 14. Qe2 a5 15.
Nc5 b4 16. Bf2 bxc3 17. bxc3 Rb8 18. Rfb1 Qd6 19. Rb3 a4 20. Nxa4 N6a5 21. Rxb8
Rxb8 22. Nc5 Rb2 23. Qe1 Qc6 24. Nd3 Rd2 25. Rd1 1/2-1/2

[Event "Guingamp FRA, Open 2012"]
[Site "Guingamp FRA"]
[Date "2012.02.20"]
[Round "3"]
[White "Navrotescu , Catalin"]
[Black "Auvray, Honorine"]
[Result "1-0"]
[WhiteElo "2428"]
[BlackElo "1804"]
[PlyCount "87"]
[EventDate "2012.02.22"]
[EventType "swiss"]
[EventRounds "9"]
[EventCountry "FRA"]

1. Nf3 c5 2. g3 Nf6 3. Bg2 Nc6 4. O-O d5 5. d4 e6 6. c4 Be7 7. cxd5 exd5 8. Nc3
O-O 9. Bg5 h6 10. Be3 b6 11. dxc5 bxc5 12. Na4 Rb8 13. b3 Rb5 14. Rc1 d4 15.
Bd2 Be6 16. Ne1 Bd5 17. f3 Ne5 18. Nd3 Nfd7 19. Nxe5 Nxe5 20. e4 Bb7 21. f4 Nd7
22. Re1 Qa8 23. Qe2 a6 24. e5 Bxg2 25. Qxg2 Nb6 26. Nxb6 Qxg2+ 27. Kxg2 Rxb6
28. Kf3 Re8 29. Rc4 a5 30. Ra4 Ra6 31. Ke4 Rd8 32. Kd3 f6 33. Re2 Kf7 34. exf6
Kxf6 35. Rxa5 Rda8 36. Rxa6+ Rxa6 37. a4 Rb6 38. Kc4 Rb8 39. Re1 Rb7 40. a5 Rb8
41. a6 Bd8 42. a7 Ra8 43. Ra1 Bb6 44. Ra6 1-0

[Event "Guingamp FRA, Open 2012"]
[Site "Guingamp FRA"]
[Date "2012.02.20"]
[Round "4"]
[White "Koziak, Vitali"]
[Black "Navrotescu , Catalin"]
[Result "1/2-1/2"]
[WhiteElo "2511"]
[BlackElo "2428"]
[PlyCount "151"]
[EventDate "2012.02.22"]
[EventType "swiss"]
[EventRounds "9"]
[EventCountry "FRA"]

1. d4 e6 2. c4 Nf6 3. Nf3 Bb4+ 4. Nbd2 b6 5. g3 Bb7 6. Bg2 O-O 7. O-O d5 8.
cxd5 exd5 9. Ne5 Re8 10. Ndf3 Bd6 11. b3 Ne4 12. Bb2 f6 13. Nd3 Qe7 14. Rc1 Nd7
15. b4 c6 16. Qb3 Qf7 17. Rc2 a5 18. a3 axb4 19. axb4 b5 20. Nc5 Nb6 21. Bc1
Nc4 22. Ne1 Bc8 23. Ned3 Bf5 24. f3 Nxc5 25. bxc5 Bc7 26. Ra2 Rxa2 27. Qxa2
Bxd3 28. exd3 Ne3 29. Bxe3 Rxe3 30. Qa8+ Qe8 31. Qxe8+ Rxe8 32. Ra1 f5 33. Ra6
Re6 34. Bh3 g6 35. g4 Bf4 36. gxf5 gxf5 37. Bxf5 Be3+ 38. Kg2 Rf6 39. Bd7 Bxd4
40. Bxc6 Rf5 41. Rb6 Bxc5 42. Rxb5 Rg5+ 43. Kh3 Bd6 44. Bxd5+ Kf8 45. d4 h6 46.
Ra5 Rh5+ 47. Kg4 Rg5+ 48. Kh4 Bxh2 49. Ra8+ Kg7 50. Be4 Bg3+ 51. Kh3 Bd6 52.
Ra6 Rh5+ 53. Kg2 Bf4 54. d5 Rh2+ 55. Kf1 Rd2 56. Rg6+ Kf7 57. Rg4 Be3 58. Bh7
Rf2+ 59. Ke1 Rxf3 60. Ke2 Rf4 61. Rg8 Bc5 62. Rc8 Bd6 63. Bg8+ Ke7 64. Ra8 h5
65. Ra7+ Kf6 66. Rd7 Ke5 67. Rh7 h4 68. Rh6 Bf8 69. Rh5+ Kf6 70. Ke3 Rb4 71.
Be6 Bc5+ 72. Kd3 Rd4+ 73. Kc3 Rf4 74. Rh7 Ke5 75. Rh6 Bf8 76. Rh7 1/2-1/2

[Event "16th Guingamp Open"]
[Site "Guingamp FRA"]
[Date "2012.02.21"]
[Round "5"]
[White "Navrotescu , Catalin"]
[Black "Bleuzen, C."]
[Result "1-0"]
[WhiteElo "2428"]
[BlackElo "1981"]
[PlyCount "54"]
[EventDate "2012.02.18"]

1. c4 Nf6 2. d4 c5 3. d5 e6 4. Nc3 exd5 5. cxd5 d6 6. e4 g6 7. Nge2 b5 8. Nxb5
Qa5+ 9. Nec3 Nbd7 10. Be2 Nxe4 11. O-O Nxc3 12. bxc3 a6 13. Na3 Bg7 14. Nc4 Qc7
15. Bf4 Ne5 16. Bxe5 dxe5 17. d6 Qa7 18. Bf3 O-O 19. Re1 Rb8 20. Nxe5 Bd7 21.
Bd5 Bxe5 22. Rxe5 Qb6 23. Re7 Bb5 24. a4 Rbd8 25. axb5 Qxd6 26. Bxf7+ Rxf7 27.
Qxd6 Rxd6 1-0

[Event "Nationale I GrA 2011/12 rounds 1-7"]
[Site "FRA"]
[Date "2011.10.16"]
[Round "1.1"]
[White "Navrotescu , Catalin"]
[Black "Pham Minh, Hoang"]
[Result "0-1"]
[WhiteElo "2419"]
[BlackElo "2484"]
[PlyCount "49"]
[EventDate "2011.10.16"]
[EventType "tourn ()"]
[EventRounds "11"]
[EventCountry "FRA"]
[WhiteTeam "Agneaux St Lô"]
[BlackTeam "Sautron"]

1. d4 Nf6 2. c4 e6 3. Nc3 Bb4 4. a3 Bxc3+ 5. bxc3 Ne4 6. Nh3 c5 7. f3 Nxc3 8.
Qc2 cxd4 9. e3 e5 10. Bd3 Qh4+ 11. Nf2 O-O 12. O-O d5 13. exd4 exd4 14. Bd2
dxc4 15. Bxc4 Be6 16. g3 Qh5 17. Bxe6 fxe6 18. Bxc3 dxc3 19. Ne4 Rxf3 20. Qb3
Rxf1+ 21. Rxf1 Qd5 22. Qb4 Na6 23. Qe7 Qd4+ 24. Rf2 c2 25. Qxe6+ 0-1

[Event "Nationale I GrA 2011/12 rounds 1-7"]
[Site "FRA"]
[Date "2011.11.12"]
[Round "2.2"]
[White "Lagarde, Maxime"]
[Black "Navrotescu , Catalin"]
[Result "0-1"]
[WhiteElo "2478"]
[BlackElo "2421"]
[PlyCount "88"]
[EventDate "2011.10.16"]
[EventType "tourn ()"]
[EventRounds "11"]
[EventCountry "FRA"]
[WhiteTeam "Clichy"]
[BlackTeam "Agneaux St Lô"]

1. e4 e6 2. d4 d5 3. Nd2 Nf6 4. e5 Nfd7 5. Bd3 c5 6. c3 Nc6 7. Ngf3 Be7 8. O-O
a5 9. Re1 cxd4 10. cxd4 g5 11. h3 h5 12. h4 g4 13. Ng5 Qb6 14. Nf1 Qxd4 15. Be3
Qxe5 16. Bc5 Qf4 17. Bxe7 Kxe7 18. Bg6 Nde5 19. Bxf7 Nxf7 20. Qxd5 Nxg5 21.
Qc5+ Kf7 22. hxg5 a4 23. Rad1 Ra5 24. Qc3 Rf8 25. Ng3 Rxg5 26. Ne4 Kg8 27. g3
Qe5 28. Nxg5 Qxg5 29. Re4 e5 30. Rd5 Be6 31. Rb5 Rd8 32. Rxb7 Bd5 33. Qd3 Nd4
34. Rxd4 exd4 35. Qh7+ Kf8 36. Rc7 Bg8 37. Qd3 Bf7 38. b4 axb3 39. axb3 Qe5 40.
Rc1 Kg7 41. b4 Bg6 42. Qd2 d3 43. Re1 Qf6 44. b5 Rd7 0-1

[Event "Nationale I GrA 2011/12 rounds 1-7"]
[Site "FRA"]
[Date "2011.11.13"]
[Round "3.1"]
[White "Roser, Kevin"]
[Black "Navrotescu , Catalin"]
[Result "1/2-1/2"]
[WhiteElo "2449"]
[BlackElo "2412"]
[PlyCount "50"]
[EventDate "2011.10.16"]
[EventType "tourn ()"]
[EventRounds "11"]
[EventCountry "FRA"]
[WhiteTeam "Issy Moulineaux"]
[BlackTeam "Agneaux St Lô"]

1. e4 e6 2. d4 d5 3. Nc3 Bb4 4. e5 c5 5. a3 Bxc3+ 6. bxc3 Qa5 7. Bd2 Qa4 8. Qg4
Kf8 9. Qd1 b6 10. c4 Ba6 11. dxc5 bxc5 12. c3 Qxd1+ 13. Rxd1 Ne7 14. Nf3 Nd7
15. cxd5 Bxf1 16. Kxf1 Nxd5 17. c4 N5b6 18. Rc1 h6 19. h4 Ke7 20. Ke2 Rab8 21.
h5 Na4 22. Rb1 Rb2 23. Rxb2 Nxb2 24. Rc1 Rb8 25. g4 Na4 1/2-1/2

[Event "Nationale I GrA 2011/12 rounds 1-7"]
[Site "FRA"]
[Date "2011.12.10"]
[Round "4.2"]
[White "Navrotescu , Catalin"]
[Black "Bekkat, Azzedine"]
[Result "1-0"]
[WhiteElo "2421"]
[BlackElo "2209"]
[PlyCount "75"]
[EventDate "2011.10.16"]
[EventType "tourn ()"]
[EventRounds "11"]
[EventCountry "FRA"]
[WhiteTeam "Agneaux St Lô"]
[BlackTeam "JEEN"]

1. d4 Nf6 2. c4 e6 3. Nc3 c5 4. d5 exd5 5. cxd5 d6 6. Nf3 g6 7. Bf4 a6 8. a4
Bg7 9. h3 O-O 10. e3 Qb6 11. Ra3 Re8 12. Nd2 Qc7 13. Be2 Nbd7 14. O-O Ne5 15.
Bh2 Rb8 16. Qc2 Bh6 17. Kh1 Bf5 18. e4 Bxd2 19. Qxd2 Nxe4 20. Nxe4 Bxe4 21. f3
Bf5 22. g4 Bc8 23. f4 Nd7 24. f5 b6 25. Bf3 Bb7 26. Bg2 Kg7 27. f6+ Kh8 28. Qh6
Rg8 29. Re3 Ne5 30. Rfe1 Rbe8 31. Qg5 Qd7 32. Bxe5 dxe5 33. Rxe5 Qxa4 34. Rxe8
Rxe8 35. Qh6 Rg8 36. Qg5 Re8 37. Re7 Ba8 38. Qh6 1-0

[Event "Nationale I GrA 2011/12 rounds 1-7"]
[Site "FRA"]
[Date "2011.12.11"]
[Round "5.2"]
[White "Coursaget, Nicolas"]
[Black "Navrotescu , Catalin"]
[Result "0-1"]
[WhiteElo "2309"]
[BlackElo "2421"]
[PlyCount "94"]
[EventDate "2011.10.16"]
[EventType "tourn ()"]
[EventRounds "11"]
[EventCountry "FRA"]
[WhiteTeam "Lisieux"]
[BlackTeam "Agneaux St Lô"]

1. d4 e6 2. Nf3 Nf6 3. c4 c5 4. d5 d6 5. Nc3 exd5 6. cxd5 g6 7. h3 a6 8. a4 Qe7
9. Qc2 Bf5 10. Qb3 Bg7 11. g4 Be4 12. Bg2 Bxf3 13. Bxf3 O-O 14. g5 Ne8 15. h4
f6 16. Bg4 f5 17. Bf3 Qc7 18. h5 $11 Nd7 19. Bg2 Rb8 20. f4 c4 21. Qc2 Nc5 22.
Be3 b5 23. axb5 axb5 24. hxg6 hxg6 25. Nd1 Qb6 26. Kf1 Nc7 27. Nf2 Rbe8 28. Rh3
Re7 29. Nd1 Rfe8 30. Rb1 N7a6 31. b4 cxb3 32. Rxb3 Qa5 33. Rb1 Qa4 34. Qd2 Qc4
35. Bf3 Rxe3 36. Nxe3 Qxf4 37. Rxb5 Rxe3 38. Qa5 Qxg5 39. Rb6 Rc3 40. Rb1 Qe7
41. Rd1 Nc7 42. Qa7 Ne4 43. Qa4 Ng5 44. Qh4 Kf7 45. Rg3 Nxf3 46. Qxe7+ Kxe7 47.
exf3 Kf7 0-1

[Event "Nationale I GrA 2011/12 rounds 1-7"]
[Site "FRA"]
[Date "2012.01.14"]
[Round "6.1"]
[White "Navrotescu , Catalin"]
[Black "Prie Eric (FRA)"]
[Result "1/2-1/2"]
[WhiteElo "2428"]
[BlackElo "2500"]
[PlyCount "51"]
[EventDate "2011.10.16"]
[EventType "tourn ()"]
[EventRounds "11"]
[EventCountry "FRA"]
[WhiteTeam "Agneaux St Lô"]
[BlackTeam "Echiquier Bordelais"]

1. d4 d5 2. c4 dxc4 3. Nf3 a6 4. e3 b5 5. a4 Bb7 6. b3 e6 7. axb5 axb5 8. Rxa8
Bxa8 9. bxc4 bxc4 10. Bxc4 Nf6 11. O-O Be7 12. Qa4+ Nbd7 13. Ne5 O-O 14. Nc6
Nb6 15. Nxe7+ Qxe7 16. Ba3 Nxa4 17. Bxe7 Rb8 18. Rc1 h6 19. Bxf6 gxf6 20. Nd2
Rb2 21. Bb3 Nb6 22. Rc2 Rxc2 23. Bxc2 f5 24. f3 Kf8 25. Kf2 Ke7 26. g4 $11
1/2-1/2

[Event "Nationale I GrA 2011/12 rounds 1-7"]
[Site "FRA"]
[Date "2012.01.15"]
[Round "7.2"]
[White "Navrotescu , Catalin"]
[Black "Velikov, Petar"]
[Result "1/2-1/2"]
[WhiteElo "2428"]
[BlackElo "2420"]
[PlyCount "48"]
[EventDate "2011.10.16"]
[EventType "tourn ()"]
[EventRounds "11"]
[EventCountry "FRA"]
[WhiteTeam "Agneaux St Lô"]
[BlackTeam "Migné Auxences"]

1. d4 d5 2. c4 dxc4 3. Nf3 Nf6 4. e3 a6 5. Bxc4 e6 6. O-O c5 7. a4 Nc6 8. Qe2
Qc7 9. Rd1 Bd6 10. dxc5 Bxc5 11. b3 O-O 12. Bb2 Ng4 13. Nbd2 Bd6 14. h3 Nge5
15. Rac1 Nxf3+ 16. Qxf3 Bh2+ 17. Kh1 Be5 18. Bxe5 Qxe5 19. Ne4 Rb8 20. Nd6 Bd7
21. Bd3 Na5 22. Nc4 Nxc4 23. Bxc4 Bc6 24. Qf4 Qxf4 1/2-1/2

[Event "7th Dieppe Open A"]
[Site "Dieppe FRA"]
[Date "2011.08.28"]
[Round "1.3"]
[White "Blondel, Jer"]
[Black "Navrotescu , Catalin"]
[Result "0-1"]
[WhiteElo "1938"]
[BlackElo "2423"]
[PlyCount "68"]
[EventDate "2011.08.28"]

1. Nf3 Nf6 2. d4 e6 3. Bf4 b6 4. e3 Bb7 5. Be2 Be7 6. O-O Nh5 7. Ne5 Nxf4 8.
exf4 O-O 9. Bf3 c6 10. c4 d6 11. Ng4 f5 12. Ne3 d5 13. Re1 Na6 14. Nc3 Nc7 15.
cxd5 exd5 16. Nc2 Bf6 17. Re3 Qd6 18. Ne2 g6 19. g3 c5 20. Ne1 Kh8 21. Bg2 Ne6
22. Nf3 Ba6 23. dxc5 bxc5 24. Ne5 Rad8 25. Ra3 g5 26. Qxd5 Bxe2 27. Qxd6 Rxd6
28. Rxa7 Bxe5 29. fxe5 Ra6 30. Rxa6 Bxa6 31. Rd1 Nd4 32. Kh1 Be2 33. Rc1 c4 34.
h3 Rb8 0-1

[Event "7th Dieppe Open A"]
[Site "Dieppe FRA"]
[Date "2011.08.29"]
[Round "2.3"]
[White "Navrotescu , Catalin"]
[Black "Suez Panama, Gilles"]
[Result "1-0"]
[WhiteElo "2423"]
[BlackElo "2078"]
[PlyCount "73"]
[EventDate "2011.08.28"]

1. d4 Nf6 2. c4 e6 3. Nc3 c5 4. d5 exd5 5. cxd5 d6 6. Nf3 g6 7. Bf4 a6 8. a4
Bg7 9. h3 Qe7 10. e3 b6 11. Nd2 Qc7 12. Nc4 Bf8 13. Be2 Nbd7 14. O-O Bb7 15. e4
O-O-O 16. Qb1 Ne5 17. Bxe5 dxe5 18. a5 b5 19. Nb6+ Kb8 20. Bxb5 Nh5 21. Rd1 Bd6
22. Bf1 Rdf8 23. Ra4 f5 24. Rc4 Qe7 25. Qc2 Rf7 26. Nca4 Rhf8 27. Nxc5 Bxc5 28.
Rxc5 fxe4 29. d6 Qg5 30. Qc3 e3 31. Qxe3 Qxe3 32. fxe3 Ng3 33. Bc4 Rf2 34. Bd5
Bxd5 35. Rcxd5 Ne2+ 36. Kh2 Rd8 37. Rxe5 1-0

[Event "7th Dieppe Open A"]
[Site "Dieppe FRA"]
[Date "2011.08.30"]
[Round "3.3"]
[White "Giffard, N."]
[Black "Navrotescu , Catalin"]
[Result "1/2-1/2"]
[WhiteElo "2342"]
[BlackElo "2423"]
[PlyCount "83"]
[EventDate "2011.08.28"]

1. d4 Nf6 2. c4 c5 3. d5 e6 4. Nc3 d6 5. Nf3 exd5 6. cxd5 g6 7. h3 a6 8. a4 Qe7
9. Bf4 Bg7 10. e3 O-O 11. Be2 Nbd7 12. Nd2 Rb8 13. O-O Ne8 14. Nc4 Ne5 15. Nb6
f5 16. Re1 Nf6 17. Qc2 Nfd7 18. Qb3 Qd8 19. Nc4 Nxc4 20. Bxc4 Qc7 21. Qc2 Ne5
22. b3 Bd7 23. a5 Nxc4 24. bxc4 b5 25. axb6 Rxb6 26. Ra2 Rb4 27. Rxa6 Rxc4 28.
Ra3 Rb8 29. Qd3 Rcb4 30. Rc1 Rb3 31. Qa6 Rxa3 32. Qxa3 h6 33. h4 Kh7 34. Qa6
Rb6 35. Qa5 Qb7 36. Bg3 Bf6 37. Ne2 Rb1 38. Rxb1 Qxb1+ 39. Kh2 Qb7 40. Bxd6
Qxd5 41. Qc7 Qc6 42. Qxc6 1/2-1/2

[Event "16th Creon Open"]
[Site "Creon FRA"]
[Date "2011.08.01"]
[Round "1.9"]
[White "Navrotescu , Catalin"]
[Black "Lapeyre, P."]
[Result "1-0"]
[WhiteElo "2423"]
[BlackElo "2069"]
[PlyCount "51"]
[EventDate "2011.08.01"]

1. d4 e6 2. c4 Nf6 3. Nc3 Bb4 4. e3 O-O 5. a3 Bxc3+ 6. bxc3 Nc6 7. Bd3 b6 8. e4
Ne8 9. Nh3 Ba6 10. O-O Na5 11. f4 f5 12. Qe2 Qh4 13. e5 Qg4 14. Qa2 d5 15. Nf2
Qg6 16. cxd5 Bb7 17. Nd1 Bxd5 18. c4 Bb7 19. Ne3 Rd8 20. d5 Qf7 21. Bd2 Qd7 22.
Rad1 exd5 23. cxd5 Bxd5 24. Nxd5 Qxd5 25. Qxd5+ Rxd5 26. Bb4 1-0

[Event "16th Creon Open"]
[Site "Creon FRA"]
[Date "2011.08.02"]
[Round "2.6"]
[White "Marciniak, Alexandre"]
[Black "Navrotescu , Catalin"]
[Result "1/2-1/2"]
[WhiteElo "2193"]
[BlackElo "2423"]
[PlyCount "48"]
[EventDate "2011.08.01"]

1. e4 e6 2. d4 d5 3. Nd2 Nf6 4. e5 Nfd7 5. c3 c5 6. Bd3 Nc6 7. Ne2 cxd4 8. cxd4
f6 9. exf6 Nxf6 10. O-O Bd6 11. Nf3 O-O 12. Bf4 Nh5 13. Bxd6 Qxd6 14. Qd2 Rxf3
15. gxf3 Bd7 16. Qg5 g6 17. Kh1 Rf8 18. Rg1 Nf4 19. Rad1 Nh3 20. Qg3 e5 21.
dxe5 Nxe5 22. Be4 Nxg1 23. Bxd5+ Kh8 24. Nxg1 Qf6 1/2-1/2

[Event "16th Creon Open"]
[Site "Creon FRA"]
[Date "2011.08.03"]
[Round "4.6"]
[White "De Lagontrie, Jean"]
[Black "Navrotescu , Catalin"]
[Result "0-1"]
[WhiteElo "1850"]
[BlackElo "2423"]
[PlyCount "70"]
[EventDate "2011.08.01"]

1. d4 g6 2. c4 Bg7 3. Nc3 c5 4. d5 d6 5. e4 e6 6. f4 Nf6 7. Nf3 exd5 8. cxd5
O-O 9. Be2 Bg4 10. O-O Re8 11. e5 dxe5 12. fxe5 Bxf3 13. Bxf3 Rxe5 14. Bf4 Rf5
15. Qd2 Nbd7 16. g4 Re5 17. g5 Ne8 18. Rae1 Nd6 19. Kh1 Nc4 20. Qc1 Rxe1 21.
Rxe1 Nde5 22. Be2 Nd6 23. Bxe5 Bxe5 24. Bf3 f6 25. Ne4 Nxe4 26. Bxe4 Qd6 27.
Qc2 fxg5 28. b3 Rf8 29. Qe2 Re8 30. Qg2 Bf4 31. Re2 h5 32. Bd3 Rxe2 33. Bxe2 g4
34. Qe4 Kg7 35. h3 gxh3 0-1

[Event "16th Creon Open"]
[Site "Creon FRA"]
[Date "2011.08.06"]
[Round "8.6"]
[White "Navrotescu , Catalin"]
[Black "Santos Latasa, Jaime"]
[Result "1-0"]
[WhiteElo "2423"]
[BlackElo "2242"]
[PlyCount "61"]
[EventDate "2011.08.01"]

1. d4 d5 2. c4 c6 3. Nf3 Nf6 4. Nc3 e6 5. g3 Nbd7 6. Bg2 dxc4 7. O-O Be7 8. e4
O-O 9. Bf4 b5 10. d5 cxd5 11. exd5 Qb6 12. dxe6 fxe6 13. Ng5 Bb7 14. Bxb7 Qxb7
15. Nxe6 Rfc8 16. Re1 Nc5 17. Nc7 Nd3 18. Rxe7 Nxf4 19. N7d5 Nh3+ 20. Kg2 Qc6
21. Kxh3 b4 22. Nxf6+ Qxf6 23. Nd5 Qxb2 24. Rb1 Qxf2 25. Qg4 Qf8 26. Rxb4 Rc6
27. Rxg7+ Kh8 28. Rxh7+ Kxh7 29. Rb7+ Kh8 30. Qd4+ Kg8 31. Ne7+ 1-0

[Event "16th Creon Open"]
[Site "Creon FRA"]
[Date "2011.08.07"]
[Round "9.4"]
[White "Berescu, Alin Mile"]
[Black "Navrotescu , Catalin"]
[Result "1-0"]
[WhiteElo "2465"]
[BlackElo "2423"]
[PlyCount "81"]
[EventDate "2011.08.01"]

1. e4 e6 2. d4 d5 3. Nc3 Bb4 4. e5 c5 5. a3 Bxc3+ 6. bxc3 Qa5 7. Bd2 Qa4 8. Qg4
Kf8 9. Qd1 b6 10. h4 Ba6 11. Bxa6 Nxa6 12. h5 h6 13. Rh4 c4 14. Rf4 Rc8 15. g4
Nb8 16. Nh3 Nc6 17. Qf3 Nd8 18. Kd1 Ke8 19. Bc1 Rc7 20. Rb1 Ne7 21. Rb4 Qa6 22.
g5 hxg5 23. Nxg5 Nf5 24. a4 Rd7 25. Ba3 Rh6 26. Kd2 Qa5 27. Qg4 Nc6 28. Rxf5
exf5 29. Qxf5 Nd8 30. Qg4 Ne6 31. f4 Qa6 32. Nf3 f5 33. exf6 Rxf6 34. Ne5 Qc8
35. Rb1 Kd8 36. f5 Nc7 37. h6 Rxh6 38. Qg5+ Rf6 39. Nc6+ Ke8 40. Qh5+ Rdf7 41.
Re1+ 1-0

[Event "Creon FRA, 16th Open"]
[Site "Creon FRA"]
[Date "2011.08.04"]
[Round "6.8"]
[White "Navrotescu , Catalin"]
[Black "Lazarev, Vladimir"]
[Result "1/2-1/2"]
[WhiteElo "2423"]
[BlackElo "2445"]
[PlyCount "40"]
[EventDate "2011.08.01"]
[EventType "swiss"]
[EventRounds "9"]
[EventCountry "FRA"]

1. d4 Nf6 2. c4 e6 3. Nc3 Bb4 4. e3 d5 5. a3 Be7 6. b4 a5 7. b5 c5 8. dxc5 Bxc5
9. Nf3 O-O 10. Bb2 dxc4 11. Bxc4 Nbd7 12. O-O b6 13. Na4 Bb7 14. Nd4 Rc8 15.
Be2 Qe7 16. Bf3 Bxf3 17. Qxf3 Bxd4 18. Bxd4 Rc4 19. Nb2 Rc2 20. Na4 Rc4 1/2-1/2

[Event "26th Avoine Open"]
[Site "Avoine FRA"]
[Date "2011.07.31"]
[Round "9"]
[White "Shirazi, Kamran"]
[Black "Navrotescu , Catalin"]
[Result "1/2-1/2"]
[WhiteElo "2352"]
[BlackElo "2423"]
[PlyCount "137"]
[EventDate "2011.07.23"]

1. e4 e6 2. d4 d5 3. Nc3 Bb4 4. Nge2 Nc6 5. a3 Ba5 6. Be3 Nge7 7. b4 Bb6 8. a4
a6 9. b5 axb5 10. axb5 Rxa1 11. Qxa1 Na5 12. exd5 exd5 13. Nf4 Bf5 14. Qa2 O-O
15. Be2 c6 16. O-O Nc8 17. Na4 Bc7 18. Bd2 Re8 19. Bd3 Qf6 20. Bxa5 Bxf4 21.
Bxf5 Qxf5 22. g3 h5 23. bxc6 bxc6 24. Qb1 Nd6 25. Bc7 Qd7 26. Bxd6 Bxd6 27. Re1
h4 28. Nb6 Qd8 29. Rxe8+ Qxe8 30. c4 hxg3 31. hxg3 dxc4 32. Nxc4 Qe6 33. Qd3 g6
34. Ne3 Bf8 35. Kg2 Bg7 36. d5 cxd5 37. Nxd5 Bf8 38. Qf3 Bg7 39. Nf4 Qe5 40.
Qc6 Bf8 41. Nd5 Bd6 42. Ne3 Qe6 43. Nc4 Be7 44. Qxe6 fxe6 45. Kf3 Bc5 46. Ne5
Kg7 47. Ng4 g5 48. Ne5 Bd6 49. Nc4 Bc5 50. Nd2 Kg6 51. Ne4 Bb6 52. g4 Bc7 53.
Ke2 Bf4 54. Kd3 Kf7 55. Kc4 Ke7 56. Kc5 Kd7 57. Kd4 Ke7 58. Nc5 Bb8 59. Nd3
Ba7+ 60. Ke4 Bb6 61. Kf3 Bc7 62. Nc1 Bf4 63. Ne2 Bc7 64. Ng1 Bb6 65. Ke2 Kf6
66. Nf3 Ba7 67. Nd2 Ke5 68. Kf3 Bxf2 69. Kxf2 1/2-1/2

[Event "4th d'Ille-et-Vilain Open"]
[Site "Rennes FRA"]
[Date "2011.07.19"]
[Round "5.4"]
[White "Theon, P."]
[Black "Navrotescu , Catalin"]
[Result "0-1"]
[WhiteElo "2064"]
[BlackElo "2423"]
[PlyCount "51"]
[EventDate "2011.07.16"]

1. e4 e6 2. d4 d5 3. Nc3 Bb4 4. e5 c5 5. Qg4 Ne7 6. dxc5 Nbc6 7. Qxg7 Rg8 8.
Qxh7 Nxe5 9. Bd2 Bxc5 10. O-O-O Bd7 11. f4 Ng4 12. Nf3 Qc7 13. Ne5 Nxe5 14.
fxe5 Qxe5 15. Re1 Qg7 16. Qxg7 Rxg7 17. h4 f5 18. h5 Kf7 19. h6 Rg6 20. Be2 Kg8
21. Bf3 Kh7 22. b4 Bxb4 23. Kd1 e5 24. Nxd5 Nxd5 25. Bxd5 Bxd2 26. Kxd2 0-1

[Event "Rennes FRA, 4th Open"]
[Site "Rennes FRA"]
[Date "2011.07.16"]
[Round "1.4"]
[White "Civit, Pierre"]
[Black "Navrotescu , Catalin"]
[Result "1/2-1/2"]
[WhiteElo "1922"]
[BlackElo "2422"]
[PlyCount "48"]
[EventDate "2011.07.16"]
[EventType "swiss"]
[EventRounds "9"]
[EventCountry "FRA"]

1. c4 e5 2. g3 Nc6 3. Bg2 f5 4. Nc3 Nf6 5. e3 d5 6. cxd5 Nb4 7. d3 Nfxd5 8.
Nxd5 Nxd5 9. Nf3 Bd6 10. O-O Nf6 11. b3 O-O 12. Bb2 Qe8 13. Nd2 f4 14. Nc4 Bg4
15. f3 Bd7 16. gxf4 exf4 17. e4 b5 18. Nxd6 cxd6 19. Qd2 Nh5 20. Rac1 a5 21.
Rc7 Ra6 22. Rfc1 b4 23. Qf2 Be6 24. Qh4 Nf6 {(=)} 1/2-1/2

[Event "Rennes FRA, 4th Open"]
[Site "Rennes FRA"]
[Date "2011.07.17"]
[Round "2.7"]
[White "Navrotescu , Catalin"]
[Black "Houlgate, Anthony"]
[Result "1/2-1/2"]
[WhiteElo "2422"]
[BlackElo "1969"]
[PlyCount "60"]
[EventDate "2011.07.16"]
[EventType "swiss"]
[EventRounds "9"]
[EventCountry "FRA"]

1. d4 Nf6 2. c4 g6 3. Nc3 d5 4. Bf4 Bg7 5. e3 c5 6. dxc5 Qa5 7. Rc1 dxc4 8.
Bxc4 O-O 9. Nf3 Qxc5 10. Bb3 Nc6 11. O-O Qh5 12. h3 Rd8 13. Qe2 Bf5 14. e4 e5
15. Bg3 Bd7 16. Rfd1 Nd4 17. Nxd4 exd4 18. Rxd4 Qxe2 19. Nxe2 Nh5 20. Rdd1 Nxg3
21. Nxg3 Bc6 22. Rxd8+ Rxd8 23. Bd5 Bxb2 24. Rc2 Bxd5 25. Rxb2 Bc6 26. f4 Rd4
27. Kf2 Bxe4 28. Ke3 Rd3+ 29. Kxe4 Rxg3 30. Rxb7 Ra3 1/2-1/2

[Event "Rennes FRA, 4th Open"]
[Site "Rennes FRA"]
[Date "2011.07.18"]
[Round "4.6"]
[White "Navrotescu , Catalin"]
[Black "Busnel, Laurent"]
[Result "1-0"]
[WhiteElo "2422"]
[BlackElo "1911"]
[PlyCount "43"]
[EventDate "2011.07.16"]
[EventType "swiss"]
[EventRounds "9"]
[EventCountry "FRA"]

1. d4 Nf6 2. c4 e6 3. Nc3 Bb4 4. e3 b6 5. a3 Bxc3+ 6. bxc3 Bb7 7. f3 d5 8. cxd5
exd5 9. Bd3 O-O 10. Ne2 Nbd7 11. O-O c5 12. Ng3 Re8 13. Ra2 Qc7 14. Raf2 Re7
15. e4 Nf8 16. e5 N6d7 17. f4 f6 18. Nf5 Rf7 19. Qg4 Ne6 20. Nh6+ Kf8 21. Nxf7
Kxf7 22. f5 1-0

[Event "Rennes FRA, 4th Open"]
[Site "Rennes FRA"]
[Date "2011.07.20"]
[Round "7.4"]
[White "Barbot, Pierre"]
[Black "Navrotescu , Catalin"]
[Result "0-1"]
[WhiteElo "2232"]
[BlackElo "2422"]
[PlyCount "82"]
[EventDate "2011.07.16"]
[EventType "swiss"]
[EventRounds "9"]
[EventCountry "FRA"]

1. e4 e6 2. d4 d5 3. Nc3 Bb4 4. e5 c5 5. a3 Bxc3+ 6. bxc3 Qa5 7. Bd2 Qa4 8. Qb1
c4 9. g3 Nc6 10. Bg2 Bd7 11. Nh3 O-O-O 12. O-O f6 13. exf6 Nxf6 14. Ng5 Rhf8
15. Bh3 Rde8 16. Re1 Nd8 17. Qb4 Qxb4 18. axb4 h6 19. Nf3 Ne4 20. Rxe4 dxe4 21.
Ne5 Bb5 22. Rxa7 Nc6 23. Nxc6 Bxc6 24. Bf4 Kd7 25. Ra5 Ke7 26. Rc5 g5 27. Be5
Ra8 28. Bg7 Ra1+ 29. Bf1 Rf5 30. Rxf5 exf5 31. Bxh6 g4 32. d5 Bxd5 33. Be3 Bc6
34. Kg2 Bb5 35. Be2 Re1 36. Bf1 Ke6 37. Bd2 Rd1 38. Be3 Kd5 39. Kg1 Ba4 40. f3
Bxc2 41. Kf2 exf3 0-1